| 000 | 00495nam a2200157Ia 4500 | ||
|---|---|---|---|
| 005 | 20250606011517.0 | ||
| 008 | 240331s9999 xx 000 0 und d | ||
| 020 | _a9552023874 | ||
| 082 |
_a302.2 _bAMA |
||
| 100 | _aAmarasinghe , K. | ||
| 245 | 0 |
_aSaundar ya adyapanaya : _b guwanviduli madya saha nirmanathmaka sannivedanaya |
|
| 260 |
_aColombo _bS. Godage and Brothers State _c1998 |
||
| 300 | _a159 p ., | ||
| 500 | _aAesthetic education radio medium and creative communication | ||
| 942 | _cL | ||
| 999 |
_c1094 _d1094 |
||